মোহাম্মদ আলীর বাংলাদেশ বিজয় / (Record no. 11282)
[ view plain ]
| 000 -LEADER | |
|---|---|
| fixed length control field | 00839nam a2200241 a 4500 |
| 001 - CONTROL NUMBER | |
| JCCL Control Number | 11282 |
| 003 - CONTROL NUMBER IDENTIFIER | |
| JCCL marc code | BD-JhCC |
| 005 - DATE AND TIME OF LATEST TRANSACTION | |
| control field | 20190822085654.0 |
| 008 - FIXED-LENGTH DATA ELEMENTS--GENERAL INFORMATION | |
| fixed length control field | 190621b 2016bg a|||| ||a| 000 0 ben d |
| 020 ## - INTERNATIONAL STANDARD BOOK NUMBER | |
| International Standard Book Number | 9789849176527 |
| 035 ## - SYSTEM CONTROL NUMBER | |
| system control number | (BD-JhCC)11282 |
| 040 ## - CATALOGING SOURCE | |
| Original cataloging agency | BD-JhCC |
| Modifying agency | BD-JhCC |
| 041 ## - LANGUAGE CODE | |
| Language code of Book | ben |
| 082 ## - DEWEY DECIMAL CLASSIFICATION NUMBER | |
| Author mark and Year | HAQ 2016 |
| Classification number | 928 |
| 100 ## - MAIN ENTRY--PERSONAL NAME | |
| Personal name | হক, মুহাম্মদ লুৎফুল |
| 245 ## - TITLE STATEMENT | |
| Title | মোহাম্মদ আলীর বাংলাদেশ বিজয় / |
| Statement of responsibility, etc | মুহাম্মদ লুৎফুল হক । |
| 260 ## - PUBLICATION, DISTRIBUTION, ETC. (IMPRINT) | |
| Place of publication, distribution, etc | ঢাকা: |
| Name of publisher, distributor, etc | প্রথমা প্রকাশন; |
| Date of publication, distribution, etc | ২০১৬. |
| 300 ## - PHYSICAL DESCRIPTION | |
| Pagination | ১২৭ পৃ. : |
| Dimensions | ২২ সেমি. |
| 600 ## - SUBJECT ADDED ENTRY--PERSONAL NAME | |
| Personal name | Ali, Muhammad |
| Title of a work | মুষ্টিযোদ্ধা |
| 650 ## - SUBJECT ADDED ENTRY--TOPICAL TERM | |
| Topical term or geographic name as entry element | Biography |
| 942 ## - ADDED ENTRY ELEMENTS (KOHA) | |
| Source of classification or shelving scheme | Dewey Decimal Classification |
| Koha item type | Books |
| Source of classification or shelving scheme | Damaged status | Not for loan | Home library | Current library | Shelving location | Date of accession | Cost, normal purchase price | Total Checkouts | Full call number | Barcode | Date last seen | Copy number | Koha item type |
|---|---|---|---|---|---|---|---|---|---|---|---|---|---|
| Dewey Decimal Classification | JCC Rouf Library | JCC Rouf Library | General Stacks | 06/21/2019 | 213.00 | 928 HAQ 2016 | 15312 | 08/21/2019 | C-1 | Books |